• 首页
  • 本馆介绍
  • 公告通知
  • 最新文献
  • 馆藏检索
  • 电子资源
  • 读者导购
  • 参考咨询
  • 我的图书馆
  • 登录
  • 详细信息显示
  • 放入我的书架
  • 预约/预借图书
  • 作者相关作品
  • 分类相关作品
  • 丛书相关作品
  • 出版社相关作品

书目信息

  • 表格格式
  • 工作单格式
  • 卡片格式
题名:
功效空间组织机理与空间福利研究
    
 
作者: 金凤君 著
分册:  
出版信息: 北京   科学出版社  2013
页数: 14,320页
开本: 24cm
丛书名:
单 册:
中图分类: F069.9
科图分类:
主题词: 经济社会学--研究 , 经济社会学
电子资源:
ISBN: 978-7-03-037872-9
000 01517nam0 2200265 450
001 523
005 20140908151047.81
010    @a978-7-03-037872-9@b精装@dCNY98.00
100    @a20130805d2013 em y0chiy50 ea
101 0  @achi
102    @aCN@b110000
105    @aa z 000yy
106    @ar
200 1  @a功效空间组织机理与空间福利研究@AGong Xiao Kong Jian Zu Zhi Ji Li Yu Kong Jian Fu Li Yan Jiu@e经济社会空间组织与效率@EJing Ji She Hui Kong Jian Zu Zhi Yu Xiao Lu^@f金凤君等著@FJin Feng Jun Deng Zhu
210    @a北京@c科学出版社@d2013
215    @a14,320页@c图@d24cm
300    @a国家自然科学基金重点项目“空间组织与空间效率的基础理论研究”成果
330    @a本书从空间透视的理论视角,围绕人类经济社会空间组织的两大目标——建构功效空间和营造空间福利,系统阐释了人类空间活动的机理和模式,认知并评价了不同空间范式和要素组织所体现的安全、健康、发展等空间福利内涵。分两部分,第一部分(第一章至第五章)为空间组织与效率的理论篇,重点阐述经济社会空间组织的基本内涵、价值观以及空间组织的基本功效;第二部分(第六章至第十一章)为专题篇,选取了紧凑型城市、公交导向开发模式、大都市经济区等功效空间,讨论了其功能、效率和空间福利作用;选取机动化、信息化、建构性战略三因素,讨论其空间组织的功能、效率,以及对空间结构和空间福利的作用。
517 1  @a经济社会空间组织与效率@AJing Ji She Hui Kong Jian Zu Zhi Yu Xiao Lu^
606 0  @a经济社会学@x研究
606 0  @a经济社会学
690    @aF069.9@v5
701  0 @a金凤君@AJin Feng Jun@f(1961~)@4著
801  0 @aCN@bTANGWEI@c20140603
905    @b0839767-69@dF069.9@e132@f3
    
    功效空间组织机理与空间福利研究:经济社会空间组织与效率/金凤君等著.-北京:科学出版社,2013
    14,320页:图;24cm
    国家自然科学基金重点项目“空间组织与空间效率的基础理论研究”成果
    
    ISBN 978-7-03-037872-9(精装):CNY98.00
    本书从空间透视的理论视角,围绕人类经济社会空间组织的两大目标——建构功效空间和营造空间福利,系统阐释了人类空间活动的机理和模式,认知并评价了不同空间范式和要素组织所体现的安全、健康、发展等空间福利内涵。分两部分,第一部分(第一章至第五章)为空间组织与效率的理论篇,重点阐述经济社会空间组织的基本内涵、价值观以及空间组织的基本功效;第二部分(第六章至第十一章)为专题篇,选取了紧凑型城市、公交导向开发模式、大都市经济区等功效空间,讨论了其功能、效率和空间福利作用;选取机动化、信息化、建构性战略三因素,讨论其空间组织的功能、效率,以及对空间结构和空间福利的作用。
●
相关链接 在E读中查询图书 在五车中查询图书 在当当中查询图书 在豆瓣中查询图书


正题名:功效空间组织机理与空间福利研究     索取号:F069.9/132         预约/预借

序号 登录号 条形码 馆藏地/架位号 状态 备注
1 0839767   208397670   第一样本阅览室/ [索取号:F069.9/132] 在馆    
2 0839768   208397689   第一借阅区/ [索取号:F069.9/132] 在馆    
3 0839769   208397698   密集书库-海洋学院/ [索取号:F069.9/132] 在馆    
唐山师范学院图书馆 欢迎您!
大连网信软件有限公司© 版权所有